000 02564nam a2200349 i 4500
003 DO-SdBNP
005 20250603135714.0
007 ta
008 250603s2025 dr a 000 0 spa d
020 _a9789945291599
040 _aDO-SdBNP
_bspa
_cBNPHU
_erda
082 4 _axxxx
_bD542c
_222
100 1 _aDíaz, Rafael,
_d1960-
_924865
_eautor
_4aut.
245 1 0 _aCompendio terminológico bilingüe para medicina :
_bmaster book No. 3 /
_cRafael Díaz
246 1 0 _aExpresiones y vocabulario para todas las ramas de la medicina :
_bpara facilitar el desempeño comunicativo de los médicos /
250 _aTercera edición
264 4 _a[Higüey, República Dominicana] :
_b[C.E.F.O.],
_c©[2025].
300 _a535 páginas :
_bilustraciones ;
_c28 cm.
336 _atexto
_btxt
_2rdacontent
337 _asin mediación
_bn
_2rdamedia
338 _avolumen
_bnc
_2rdacarrier
500 _aIncluye datos biografícos del autor en la página 1.
500 _aLibro de pasta dura.
500 _aLos datos de isbn y reseña, fueron tomados de la página del ISBN de República Dominicana.
500 _aLos datos de la editora, fueron encontrados en la página de instagram (Centro De Formation CEFO Centro de Estudio- Formación y Orientación. C.E.F.O HIGUEY TEL:809-554-3457 @:[email protected])
505 _gEnglish-Español
520 _aEl aprendizaje de la terminología médica ofrece innumerables ventajas, entre las cuales se encuentran, las que se refieren al terreno de las especialidades médicas • Con referencia particularmente a la terminología médica en inglés y español, hay que resaltar, los beneficios que del conocimiento que de ella se desprenden; los grandes avances que se están dando dentro del campo de la medicina a escala mundial ha motivado a los médicos a aprender el idioma inglés como herramienta para un mejor desempeño en sus labores cotidianas e investigaciones científicas, cualquier médico que domina bien esta lengua está en una posición ventajosa para realizar brillantemente cualquier puesto de trabajo. Esto significa mejores condiciones, tales como un mayor beneficio económico y mejores facilidades de triunfo dentro de su carrera. Actualmente, en vista de las exigencias de la vida en el campo médico, se ha hecho imprescindible el uso de la terminología médica en ingles -español en las diferentes ramas de la medicina.
590 _aInventariado, 2025/ YL
710 _aCentro de Estudio Formación y Orientación (C.E.F.O)
_987967
910 _aYLockward
942 _2ddc
_cLBS1
999 _c59133
_d59133